|
|
|
|
| LEADER |
00744nab a2200229 i 4500 |
| 001 |
misc65859 |
| 005 |
20230201153847.0 |
| 008 |
220429s1971 hu o 0|| ger d |
| 040 |
|
|
|a SZTE Miscellanea Repozitórium
|b hun
|
| 041 |
|
|
|a ger
|
| 041 |
|
|
|a fiu
|
| 100 |
1 |
|
|a Joki Aulis Johannes
|
| 245 |
1 |
0 |
|a Über das Element n in der samojedischen Deklination
|h [elektronikus dokumentum] /
|c Joki Aulis Johannes
|
| 260 |
|
|
|c 1971
|
| 300 |
|
|
|a 17 p.
|c 21 cm
|
| 490 |
0 |
|
|a Finnisch-ugrischen Forschungen
|
| 561 |
|
|
|a Németh Gyula hagyaték
|
| 591 |
|
|
|a NOU 2503
|
| 650 |
|
4 |
|a Bölcsészettudományok
|
| 650 |
|
4 |
|a Nyelvek és irodalom
|
| 695 |
|
|
|a Szamojéd nyelvek
|
| 856 |
4 |
0 |
|u http://misc.bibl.u-szeged.hu/65859/1/2503_nou_j69.pdf
|z Dokumentum-elérés
|